[Event "Swiss Queens Wed #7"]
[Site "FIDE Online Arena INT"]
[Date "2024.03.13"]
[Round "5"]
[White "Zaksaite, Salomeja"]
[Black "Vantika, Agrawal"]
[Result "0-1"]
[WhiteElo "2212"]
[BlackElo "2398"]
[PlyCount "106"]
[EventDate "2024.03.13"]
[EventType "swiss (blitz)"]
[EventRounds "11"]
[EventCountry "NET"]
[SourceTitle "CB12_2024"]
[SourceDate "2023.10.01"]
[SourceVersion "1"]
[SourceVersionDate "2023.10.01"]
[SourceQuality "1"]

1. e4 c5 2. Nf3 d6 3. d4 cxd4 4. Nxd4 Nf6 5. Nc3 a6 6. Bc4 e6 7. Bb3 Be7 8. g4 h6 9. Rg1 Nc6 10. Be3 Nxd4 11. Qxd4 b5 12. f3 Nd7 13. 0-0-0 Ne5 14. Rdf1 Nc6 15. Qd2 Rb8 16. f4 a5 17. a4 bxa4 18. Bxa4 Bd7 19. f5 Ne5 20. b3 Bg5 21. Bxg5 Qxg5 22. Rd1 Qxd2+ 23. Rxd2 Bxa4 24. Nxa4 Nf3 25. Rgd1 Nxd2 26. Rxd2 Ke7 27. Kb2 Rhc8 28. Rf2 Rb4 29. Re2 Rcb8 30. Ka3 Rd4 31. Nb2 d5 32. exd5 Rxd5 33. fxe6 fxe6 34. Nc4 Rf8 35. Ka4 Rf4 36. h3 g6 37. Re3 h5 38. gxh5 gxh5 39. Re2 h4 40. Re3 Rg5 41. Ka3 Rg3 42. Re5 Rxh3 43. Rxa5 Rg3 44. Rh5 h3 45. Ne5 Kf6 46. Nd7+ Kg6 47. Rh8 Kg5 48. Ne5 Rf5 49. Nd3 Kg4 50. b4 Kf3 51. b5 Rxb5 52. Rf8+ Rf5 53. Nf4 Rxf8 0-1

[Event "Swiss Queens Wed #6"]
[Site "FIDE Online Arena INT"]
[Date "2024.03.06"]
[Round "9"]
[White "Zaksaite, Salomeja"]
[Black "Lesbekova, Asel"]
[Result "0-1"]
[WhiteElo "2212"]
[BlackElo "1870"]
[PlyCount "66"]
[EventDate "2024.03.06"]
[EventType "swiss (blitz)"]
[EventRounds "11"]
[EventCountry "NET"]
[SourceTitle "CB11_2024"]
[SourceDate "2024.03.13"]
[SourceVersion "1"]
[SourceVersionDate "2024.03.13"]
[SourceQuality "1"]

1. e4 e5 2. Nf3 Nf6 3. Nxe5 Nxe4 4. Qe2 Qe7 5. Qxe4 d6 6. d4 dxe5 7. dxe5 Nc6 8. Bb5 Bd7 9. 0-0 0-0-0 10. Nc3 Nxe5 11. Re1 Bxb5 12. Nxb5 Nc6 13. Bf4 Qxe4 14. Rxe4 Bd6 15. Nxd6+ cxd6 16. Rd1 d5 17. Re3 d4 18. Rg3 g6 19. h3 Rhe8 20. Kf1 f6 21. a3 g5 22. Bd2 Ne5 23. b3 h5 24. f4 h4 25. fxe5 hxg3 26. exf6 Re5 27. Kg1 Rf5 28. Rf1 Rxf1+ 29. Kxf1 Rd5 30. Ke2 Rf5 31. Kd3 Rxf6 32. Be1 Re6 33. Bxg3 Re3+ 0-1

[Event "Swiss Queens Wed #2"]
[Site "FIDE Online Arena INT"]
[Date "2024.02.07"]
[Round "7"]
[White "Zaksaite, Salomeja"]
[Black "Tripurambika, V."]
[Result "1-0"]
[WhiteElo "2212"]
[BlackElo "1329"]
[PlyCount "131"]
[EventDate "2024.02.07"]
[EventType "swiss (blitz)"]
[EventRounds "11"]
[EventCountry "NET"]
[SourceTitle "CB07_2024"]
[SourceDate "2024.02.14"]
[SourceVersion "1"]
[SourceVersionDate "2024.02.14"]
[SourceQuality "1"]

1. e4 c5 2. Nf3 g6 3. Bc4 Bg7 4. 0-0 e6 5. c3 d5 6. exd5 exd5 7. Re1+ Ne7 8. Bb3 0-0 9. d4 c4 10. Bc2 h6 11. h3 Nbc6 12. Nbd2 Bf5 13. Nf1 Qc7 14. Ba4 Rfe8 15. Ne3 Be4 16. Ng4 h5 17. Nge5 Nxe5 18. Nxe5 Bxe5 19. dxe5 Red8 20. Bf4 Qa5 21. Bg5 Qc7 22. Bf6 Rdc8 23. Qd2 Kh7 24. Qg5 Nf5 25. f3 Bd3 26. e6 Qb6+ 27. Bd4 Nxd4 28. cxd4 Qxd4+ 29. Kh1 f6 30. Qd2 a6 31. Bd7 Qc5 32. Bxc8 Rxc8 33. Rac1 b5 34. b3 Re8 35. Qxd3 Qd6 36. bxc4 bxc4 37. Rxc4 Rxe6 38. Rxe6 Qxe6 39. Rc7+ Kh6 40. Qd2+ g5 41. Rc5 d4 42. Qxd4 Qe1+ 43. Kh2 Qe6 44. Rd5 Kg6 45. Rd6 Qf5 46. Qe4 Qxe4 47. fxe4 h4 48. Rxa6 Kf7 49. a4 Ke7 50. a5 Kd7 51. Ra8 Kc7 52. a6 Kd7 53. a7 Ke6 54. Rb8 Ke5 55. a8Q Kf4 56. Qd5 f5 57. Qxf5+ Ke3 58. e5 Kd2 59. e6 Kc3 60. e7 Kd4 61. e8Q Kc4 62. Qc6+ Kd4 63. Qce4+ Kc3 64. Qc5+ Kd2 65. Qce3+ Kd1 66. Q4d3# 1-0

[Event "Titled Tuesday intern op 09th Jan Early"]
[Site "Chess.com INT"]
[Date "2024.01.09"]
[Round "2"]
[White "Astafurov, Arseniy"]
[Black "Zaksaite, Salomeja"]
[Result "1-0"]
[WhiteElo "2263"]
[BlackElo "2212"]
[PlyCount "69"]
[EventDate "2024.01.09"]
[EventType "swiss (blitz)"]
[EventRounds "11"]
[EventCountry "USA"]
[SourceTitle "CB03_2024"]
[SourceDate "2024.01.17"]
[SourceVersion "1"]
[SourceVersionDate "2024.01.17"]
[SourceQuality "1"]

1. c4 g6 2. Nc3 Bg7 3. Nf3 d6 4. d4 Nd7 5. g3 e5 6. Bg2 Ngf6 7. 0-0 0-0 8. e4 c6 9. Re1 Re8 10. h3 Qc7 11. Be3 exd4 12. Nxd4 Nc5 13. Qc2 a5 14. b3 h6 15. Rab1 Bd7 16. a3 Re7 17. b4 axb4 18. axb4 Ne6 19. Nde2 Ng5 20. Kh2 Rae8 21. f3 Bxh3 22. Bxg5 Bxg2 23. Bxf6 Bxf3 24. Bxe7 Qxe7 25. Qd3 Bg4 26. Rb3 Qe5 27. Nf4 Qg5 28. Nd1 Be5 29. Qe3 d5 30. Nf2 d4 31. Qd2 Bd7 32. N2h3 Qg4 33. Qe2 Bxf4 34. Qxg4 Bxg4 35. gxf4 1-0